000 00656nam a2200229Ia 4500
003 OSt
005 20220925215158.0
006 a|||||r|||| 00| 0
007 ta
008 220923b |||||||| |||| 00| 0 eng d
037 _cGeneral Book
040 _aRTL
_cRTL
_beng
041 _2eng
_aeng
082 _aYxN07, L7
100 _aReisman David
_9120362
245 0 _aRichard Titmus
_b Welfare and society.
260 _aLondon
_bHeinemann
_c1977
300 _axvi,192p
_ccm.
490 _aStudies in Social Policy and Welfare. Ed by R A Pinker
942 _hYxN07, L7
_cGB
_2CC
999 _c568112
_d568112